000 00265nam a22001217a 4500
003 SGT
082 _a616.89
_bP01K
100 _aKAPUR, MALAVIKA
245 _aPSYCHOTHERAPY TRAINING IN INDIA
260 _aINDIA
_bNIMHANS
_c2001
300 _a199
942 _2ddc
_cBK
999 _c15090
_d15090